| 000 | 00932nam0a2200265 4500 | ||
|---|---|---|---|
| 001 | RU\NLR\ONL2\15056 | ||
| 005 | 20251203143327.0 | ||
| 035 | _a(NLR Aleph) 009662641 | ||
| 090 |
_a13473833 _c13473833 |
||
| 100 | _a20091007d1951 u y0rusy50 ca | ||
| 101 | 0 |
_aaze _arus |
|
| 102 | _aAZ | ||
| 105 | _aa ||||||||| | ||
| 200 | 1 |
_aНахчыван МССР абидәләри _dПамятники Нахичеванской АССР _fЛ. С. Бретаницкий, Ә. В. Саламзадэ _gАзССР ЭА. Ме'марлыгы ин-ту |
|
| 210 |
_aБакы _cАзССР ЭА нэшр. _d1951 |
||
| 215 |
_a40,[6] с., [13] л. ил. _cил. _d20 |
||
| 700 | 1 |
_aБретаницкий _bЛ. С. _4070 |
|
| 701 | 1 |
_aСаламзадэ _bЭ. В. _4070 |
|
| 801 | 0 |
_aRU _bNLR _c20091007 _gPSBO |
|
| 852 |
_aNLR _bОНЛ _jАзерб./2-5825 |
||
| 942 | _cBOOK | ||
| 980 | _aONL_RF | ||
| 980 | _aNB | ||